Zaklínač II Meč osudu

Bibliographic Details
Main Author: Sapkowski, Andrzej, 1948- (Author)
Other Authors: Chmel, Karol, 1953- (Translator), Šimjak, Jakub (Bookjacket designer)
Format: Book
Language:Slovak
Polish
PhysicalDescription:405 strán 21 cm
Published: Bratislava Lindeni 2024
ISBN:9788056640081
Edition:Tretie slovenské vydanie
Subjects:

MARC

LEADER 00000cam a2200000 4500
001 vtls012258231
003 SK-MaSNL
005 20260302095534.0
008 240618s2024 xo gr 000 j slo
015 |a SNBA2025/02 
020 |a 9788056640081  |q (viazané) 
040 |a SNK  |b slo  |c SNK  |e rda 
041 1 |a slo  |h pol 
044 |a xo  |c SK 
072 7 |a 821.162.1  |x Poľská literatúra  |2 konspekt 
080 |a 821.162.1-32  |2 2011 
080 |a (0:82-322.9)  |2 2011 
100 1 |a Sapkowski, Andrzej,  |d 1948-  |4 aut  |9 211771 
240 1 0 |a Miecz przeznaczenia  |l Slovensky 
245 1 0 |a Zaklínač  |n II  |p Meč osudu  |c Andrzej Sapkowski ; z poľštiny preložil Karol Chmel 
246 3 0 |a Meč osudu 
250 |a Tretie slovenské vydanie 
264 1 |a Bratislava  |b Lindeni  |c 2024 
300 |a 405 strán  |c 21 cm 
336 |a text  |b txt  |2 rdacontent 
337 |a bez média  |b n  |2 rdamedia 
338 |a zväzok  |b nc  |2 rdacarrier 
500 |a Vydalo vydavateľstvo Lindeni v spoločnosti Albatros Media Slovakia, s.r.o. 
500 |a Obsahuje biografické údaje o autorovi na záložke prebalu publikácie 
655 7 |a poľské poviedky  |2 SNKPH  |9 70788 
655 7 |a fantasy poviedky  |2 SNKPH  |9 124769 
655 7 |a Polish short stories  |2 SNKPHeng  |9 299162 
655 7 |a Fantasy short stories  |2 SNKPHeng  |9 303237 
700 1 |a Chmel, Karol,  |d 1953-  |4 trl  |9 105159 
700 1 |a Šimjak, Jakub  |4 bjd  |9 161669 
787 0 8 |i Zo série:  |t Zaklínač  |g 2 
852 |a Slovenská národná knižnica 
919 |a 978-80-566-4008-1 
954 |a beletria cudzojazyčná (svetová)  |2 lita 
958 |a LX 
958 |a UP 
968 |b ENG 
999 |c 1217321  |d 1219251 
952 |a SNK  |b SNK  |y PREZ  |7 0  |p 17A1563543  |o snkSC 208980  |i snk2025/782  |8 0  |0 0  |1 0  |4 0  |d 2025-01-21  |l 0  |r 2025-11-03 00:00:00  |w 2026-02-24 
952 |a SNK  |b SNK  |y PREZ  |7 0  |p 17A1563544  |o snkSC 208980 D1  |i snk2025/783  |8 0  |0 0  |1 0  |4 0  |d 2025-01-21  |l 0  |r 2026-02-24 23:33:13  |w 2026-02-24